000 00342nam a22001217a 4500
999 _c5280
_d5280
008 250902b ||||| |||| 00| 0 eng d
020 _a9780593530627
082 _a813.6 OTI
100 _aOTIS,CHAD
_eAUTHOR
_lENGLISH
245 _aTHE BRIGHT SIDE
260 _a NEW YORK
_bROCKY POND BOOKS /IMPRINT OF OF PENGUIN RANDOM LLC
_c2023
942 _2ddc